Ecología
Guardat en:
| Autor principal: | |
|---|---|
| Format: | Llibre |
| Idioma: | espanyol |
| Publicat: |
Barcelona
Planeta
1986
|
| Edició: | 4a. ed |
| Matèries: | |
| Etiquetes: |
Afegir etiqueta
Sense etiquetes, Sigues el primer a etiquetar aquest registre!
|
MARC
| LEADER | 00000nam a2200000 a 4500 | ||
|---|---|---|---|
| 001 | UCV7232 | ||
| 003 | CL-VaPUC | ||
| 008 | 891122e19860000SP |||||||||||||||||spa|d | ||
| 082 | 0 | 4 | |a 577 |b MAR |2 21 |
| 100 | |a Margalef, Ramón |e autor |9 396130 | ||
| 245 | 1 | 0 | |a Ecología |
| 250 | |a 4a. ed | ||
| 300 | |a 252 p | ||
| 942 | |c BK | ||
| 945 | |d 19891122 00:00:00 | ||
| 260 | |a Barcelona |b Planeta |c 1986 | ||
| 650 | 0 | |a Ecología |9 258124 | |
| 650 | 7 | |a BIOSFERA |2 CL-VaPUC |9 264378 | |
| 583 | |a last modification |c 19891122 00:00:00 |k Rodrigo Vera | ||
| 999 | |c 212942 |d 212940 | ||
| 952 | |0 0 |1 0 |4 0 |6 577_000000000000000_MAR_1986 |7 0 |8 A |9 194826 |a BIBAGR |b BIBAGR |d 2019-11-14 |i 2629712 |l 4 |o 577 MAR 1986 |p 2629712 |r 2025-01-20 |s 2024-03-27 |w 2019-11-14 |y BK |k AGR | ||